MARC details
| 000 -LEADER |
| fixed length control field |
01053nam a2200229Ia 4500 |
| 003 - CONTROL NUMBER IDENTIFIER |
| control field |
IN-BaIIA |
| 008 - FIXED-LENGTH DATA ELEMENTS--GENERAL INFORMATION |
| fixed length control field |
211028s9999 xx 000 0 eng d |
| 040 ## - CATALOGING SOURCE |
| Transcribing agency |
IIA Library |
| 080 ## - UNIVERSAL DECIMAL CLASSIFICATION NUMBER |
| Universal Decimal Classification number |
523.985.3(082.2) |
| Item number |
DEN |
| 111 ## - MAIN ENTRY--MEETING NAME |
| Meeting name or jurisdiction name as entry element |
Workshop on Radio Fluctuations in Solar Flares |
| Location of meeting |
Ramada Hotel, Lanham, Maryland |
| Date of meeting or treaty signing |
1985 Sep. 30 - Oct. 4 |
| 9 (RLIN) |
16392 |
| 245 #0 - TITLE STATEMENT |
| Title |
Radio fluctuations in solar flares |
| Remainder of title |
proceedings of a workshop on radio fluctuations in solar flares, held in the Ramada Hotel, Lanham, Maryland, September 30 - October 4, 1985 |
| Statement of responsibility, etc. |
edited by Brain R. Dennis, Larry E. Orwig and Alan L. Kiplinger |
| 260 ## - PUBLICATION, DISTRIBUTION, ETC. |
| Place of publication, distribution, etc. |
Washington |
| Name of publisher, distributor, etc. |
National Aeronautics and Space Administration |
| Date of publication, distribution, etc. |
1987 |
| 300 ## - PHYSICAL DESCRIPTION |
| Extent |
xii, 478p. |
| 490 ## - SERIES STATEMENT |
| Series statement |
NASA conference publication; 2449 |
| 650 ## - SUBJECT ADDED ENTRY--TOPICAL TERM |
| Topical term or geographic name entry element |
Astronomy and Astrophysics Thesaurus |
| 650 ## - SUBJECT ADDED ENTRY--TOPICAL TERM |
| Topical term or geographic name entry element |
Flares |
| 9 (RLIN) |
6133 |
| 650 ## - SUBJECT ADDED ENTRY--TOPICAL TERM |
| Topical term or geographic name entry element |
Solar Activity |
| 9 (RLIN) |
1424 |
| 700 ## - ADDED ENTRY--PERSONAL NAME |
| Personal name |
Dennis, Brain R., ed. |
| 9 (RLIN) |
16393 |
| 700 ## - ADDED ENTRY--PERSONAL NAME |
| Personal name |
Kiplinger, Alan L., ed. |
| 9 (RLIN) |
16394 |
| 700 ## - ADDED ENTRY--PERSONAL NAME |
| Personal name |
Orwig, Larry E., ed. |
| 9 (RLIN) |
16395 |
| 942 ## - ADDED ENTRY ELEMENTS (KOHA) |
| Koha item type |
Books |